|
|
|
|
| LEADER |
01202nam a2200313 a 4500 |
| 001 |
4522662 |
| 008 |
090722r19891897nyu 000 1 eng d |
| 010 |
|
|
|a 99035223
|
| 020 |
|
|
|a 014018094X
|
| 020 |
|
|
|a 0486408809 (pbk.)
|
| 040 |
|
|
|a DLC
|c DLC
|d DLC
|
| 082 |
0 |
0 |
|a 823/.912
|2 21
|
| 100 |
1 |
|
|a Conrad, Joseph,
|d 1857-1924.
|
| 245 |
1 |
4 |
|a The nigger of the "Narcissus" /
|c Joseph Conrad., edited with an introduction and notes by Cedric Watts.
|
| 260 |
|
|
|a Mineola, N.Y. :
|b Dover, ;
|a London :
|b Penguin Books,
|c c1997.[Reprinted 1989]
|
| 300 |
|
|
|a L, 151 p. ;
|c 20 cm.
|
| 490 |
0 |
|
|a Dover thrift editions
|
| 541 |
1 |
|
|e 00011962
|
| 650 |
|
0 |
|a West Indians
|z England
|v Fiction.
|
| 650 |
|
0 |
|a Tuberculosis
|x Patients
|v Fiction.
|
| 650 |
|
0 |
|a Terminally ill
|v Fiction.
|
| 650 |
|
0 |
|a Ocean travel
|v Fiction.
|
| 650 |
|
0 |
|a Blacks
|v Fiction.
|
| 651 |
|
0 |
|a London (England)
|v Fiction.
|
| 655 |
|
7 |
|a Psychological fiction.
|2 lcsh
|
| 655 |
|
7 |
|a Sea stories.
|2 gsafd
|
| 852 |
4 |
|
|a Ayesha Abed Library
|j General shelf.
|
| 999 |
|
|
|c 2706
|d 2706
|
| 952 |
|
|
|0 0
|1 0
|2 ddc
|4 0
|6 823_912000000000000_CON
|7 0
|9 2485
|a BRACUL
|b BRACUL
|c GEN
|d 2009-07-22
|g 251.00
|l 6
|m 70
|o 823.912 CON
|p 3010011962
|r 2025-05-14
|s 2024-12-08
|t 1
|w 2009-07-22
|y BK
|x $2.99
|